Controlling v železničnej nákladnej doprave
Kontroling v železničnej nákladnej doprave. Význam železničnej nákladnej dopravy a jej výhody oproti iným typom dopravy. Náklady v železničnej nákladnej doprave.
Saved in:
| Main Author: | |
|---|---|
| Format: | Book Chapter |
| Language: | Slovak |
| Subjects: | |
| Tags: |
No Tags, Be the first to tag this record!
|
MARC
| LEADER | 00000nla a2200000 4500 | ||
|---|---|---|---|
| 001 | 0163237 | ||
| 005 | 20251028140605.3 | ||
| 041 | 0 | |a slo | |
| 044 | |a SK | ||
| 245 | 1 | 0 | |a Controlling v železničnej nákladnej doprave |c Peter Porubský |
| 520 | |a Kontroling v železničnej nákladnej doprave. Význam železničnej nákladnej dopravy a jej výhody oproti iným typom dopravy. Náklady v železničnej nákladnej doprave. | ||
| 610 | 2 | 0 | |a doprava železničná nákladná |
| 610 | 2 | 0 | |a preprava |
| 610 | 2 | 0 | |a kontroling |
| 610 | 2 | 0 | |a riadenie |
| 610 | 2 | 0 | |a náklady |
| 610 | 2 | 0 | |a ekológia |
| 100 | 1 | |a Porubský, Peter | |